Secretos bajo tierra /
Guardado en:
| Autor Principal: | |
|---|---|
| Formato: | Libro |
| Publicado: |
Buenos Aires :
Grupo Z,
1997.
|
| Series: | Club del Misterio
|
| Materias: | |
| Etiquetas: |
Agregar Etiqueta
Sin Etiquetas, Sea el primero en etiquetar este registro!
|
| LEADER | 00574nam a22002055a 4500 | ||
|---|---|---|---|
| 001 | CEM.cems018613 | ||
| 005 | 20180129100949.0 | ||
| 008 | 130507s1997##################000#0#####d | ||
| 003 | CEMS | ||
| 020 | |a 8440676999 | ||
| 082 | 0 | 4 | |a 813.5 |
| 100 | 1 | |a Kelly, Fiona | |
| 245 | 1 | 0 | |a Secretos bajo tierra / |c Fiona Kelly |
| 260 | |a Buenos Aires : |b Grupo Z, |c 1997. | ||
| 300 | |a 174p. ; 20cm. | ||
| 490 | 0 | |a Club del Misterio | |
| 600 | 1 | 4 | |a Kelly, Fiona |
| 653 | |a Literatura juvenil | ||
| 653 | |a Literatura estadounidense | ||
| 859 | |a CEMS |b BIB. CEMS - Agricultura |h 813.5 |i K29 |p A2983.17 |t Ej.1 | ||
